[Event "Gornozavodsk-ch 8th okrug op"]
[Site "Nizhnij Tagil"]
[Date "2007.08.02"]
[Round "9"]
[White "Bogomolov, Alexey"]
[Black "Vahrushev, Vladimir"]
[Result "1-0"]
[WhiteElo "2255"]
[BlackElo "2305"]
[PlyCount "39"]
[EventDate "2007.07.24"]
[EventType "swiss"]
[EventRounds "9"]
[EventCountry "RUS"]
[SourceTitle "EXT 2022"]
[Source "ChessBase"]
[SourceDate "2021.10.06"]
[SourceVersion "1"]
[SourceVersionDate "2021.10.06"]
[SourceQuality "1"]

1. e4 g6 2. d4 Bg7 3. Nc3 d6 4. f4 Nf6 5. Nf3 c5 6. e5 Ng4 7. Bb5+ Bd7 8. e6 Bxb5 9. exf7+ Kd7 10. Nxb5 Qa5+ 11. Nc3 cxd4 12. Nxd4 Nh6 13. Qd3 Nc6 14. Nxc6 bxc6 15. 0-0 Rab8 16. Be3 Ng4 17. Kh1 Qf5 18. Qa6 Rxb2 19. Qxa7+ Ke6 20. Rae1 1-0

[Event "Nizhnij Tagil-ch"]
[Site "Nizhnij Tagil"]
[Date "2006.12.??"]
[Round "12"]
[White "Gusev, Oleg Sergeevich"]
[Black "Vahrushev, Vladimir"]
[Result "1/2-1/2"]
[WhiteElo "2162"]
[BlackElo "2300"]
[PlyCount "27"]
[EventDate "2006.12.07"]
[EventType "swiss"]
[EventRounds "13"]
[EventCountry "RUS"]
[SourceTitle "EXT 2008"]
[Source "ChessBase"]
[SourceDate "2007.11.25"]
[SourceVersion "1"]
[SourceVersionDate "2007.11.25"]
[SourceQuality "1"]

1. e4 d6 2. d4 g6 3. Nc3 Bg7 4. f4 c6 5. h3 e5 6. dxe5 Qh4+ 7. Ke2 dxe5 8. Nf3 Qh5 9. fxe5 Bxe5 10. Kf2 Bc7 11. e5 Bb6+ 12. Ke1 Ba5 13. Kf2 Bb6+ 14. Ke1 1/2-1/2

[Event "Nizhnij Tagil-ch"]
[Site "Nizhnij Tagil"]
[Date "2006.12.??"]
[Round "1"]
[White "Kuznetsov, Vadim"]
[Black "Vahrushev, Vladimir"]
[Result "1-0"]
[WhiteElo "2224"]
[BlackElo "2300"]
[PlyCount "61"]
[EventDate "2006.12.07"]
[EventType "swiss"]
[EventRounds "13"]
[EventCountry "RUS"]
[SourceTitle "EXT 2008"]
[Source "ChessBase"]
[SourceDate "2007.11.25"]
[SourceVersion "1"]
[SourceVersionDate "2007.11.25"]
[SourceQuality "1"]

1. d4 d6 2. Nf3 f5 3. g3 Nf6 4. Bg2 g6 5. 0-0 Bg7 6. c4 0-0 7. Nc3 Qe8 8. b3 e5 9. dxe5 dxe5 10. Ba3 Rf7 11. e4 Nc6 12. Re1 Be6 13. Qc2 Nxe4 14. Nxe4 fxe4 15. Ng5 Nd4 16. Qxe4 Rd7 17. Nxe6 Qxe6 18. Bc5 Qc6 19. Bxd4 Qxe4 20. Bxe4 Rxd4 21. Bxb7 Rad8 22. Bd5+ Kf8 23. Rad1 Rxd1 24. Rxd1 Ke7 25. Kf1 Kf6 26. Ke2 Bf8 27. Rd3 Rd7 28. Rf3+ Ke7 29. Ke3 c6 30. Rf7+ Ke8 31. Bxc6 1-0

[Event "Nizhnij Tagil-ch"]
[Site "Nizhnij Tagil"]
[Date "2006.12.??"]
[Round "10"]
[White "Shestakov, Dmitry"]
[Black "Vahrushev, Vladimir"]
[Result "1-0"]
[WhiteElo "2264"]
[BlackElo "2300"]
[PlyCount "81"]
[EventDate "2006.12.07"]
[EventType "swiss"]
[EventRounds "13"]
[EventCountry "RUS"]
[SourceTitle "EXT 2008"]
[Source "ChessBase"]
[SourceDate "2007.11.25"]
[SourceVersion "1"]
[SourceVersionDate "2007.11.25"]
[SourceQuality "1"]

1. c4 f5 2. g3 Nf6 3. Bg2 g6 4. Nc3 Bg7 5. Rb1 d6 6. b4 e5 7. d3 0-0 8. e3 Nc6 9. Nge2 g5 10. b5 Ne7 11. f4 gxf4 12. exf4 c6 13. bxc6 bxc6 14. 0-0 Qa5 15. Qa4 Qxa4 16. Nxa4 e4 17. Ba3 exd3 18. Nec3 Rd8 19. Rfe1 Ne4 20. Nxe4 fxe4 21. Bxe4 d2 22. Red1 Bd4+ 23. Kg2 Nf5 24. Rxd2 d5 25. cxd5 cxd5 26. Bf3 Be6 27. Bc5 Ne3+ 28. Kg1 Bxc5 29. Nxc5 Bf7 30. Re1 Nc4 31. Rd4 Na3 32. Re5 Rab8 33. Ne6 Rb1+ 34. Kg2 Rb2+ 35. Kh3 Nb5 36. Rg5+ Bg6 37. Rdxd5 Rxd5 38. Bxd5 Nc3 39. Bb3 Ne4 40. Rxg6+ hxg6 41. Nc5+ 1-0